| 000 | 01496nam a2200361Ia 4500 | ||
|---|---|---|---|
| 001 | dia_1606 | ||
| 003 | CHAP | ||
| 005 | 20240502130534.0 | ||
| 007 | ta | ||
| 008 | 220117s2016 mx ado fr 001 0 spa d | ||
| 040 |
_cCHAP _amxchpua |
||
| 090 |
_aT.C.696 _bM45 IAI _c2016 |
||
| 245 | 1 | 0 |
_aEstudio del cultivo del arroz (Oryza sativa) en el municipio de Palizada, Campeche / _ccoordinador Amilcar Renán Mejenes Quijano ; colaboradores Diana Laura Anzaldo Paul...[et al.] |
| 260 |
_aMéxico : _bEl autor, _c2016 |
||
| 300 |
_a55 hojas : _bilustraciones, gráficas, diagramas, tablas, fotos + _e1 CD-ROM |
||
| 336 |
_2rdacontent _atexto _btxt |
||
| 337 |
_2rdamedia _ano mediado _bn |
||
| 338 |
_2rdacarrier _avolumen _bnc |
||
| 500 | _aGrado 5° Grupo 3 -- El CD contiene reporte | ||
| 502 |
_aViaje de estudios _b(IAI) -- _cUACh. Departamento de Ingeniería de Agroindustrial, _d2016 |
||
| 504 | _aBibliografía: hojas 54-55 | ||
| 650 | 1 | 3 |
_aOryza sativa _xIndustria y comercio _9150943 _zMéxico _zCampeche |
| 650 | 1 | 3 |
_aOryza sativa _xIndustry and trade _9150944 _zMexico _zCampeche |
| 700 | 1 |
_aMejenes Quijano, Amilcar Renán _9147387 _ecoordinador |
|
| 700 | 1 |
_aAnzaldo Paul, Diana Laura _9150945 _ecolaboradora |
|
| 856 | 4 | 1 |
_uhttp://10.13.5.2/ve/TC696IAI/TC696IAI2016-REPORTE.pdf _yDESCARGAR REPORTE |
| 901 | _aT.C.696 M45 IAI 2016 | ||
| 902 | _aM | ||
| 905 | _a5232272016 MX DNML8223123322SPA16 | ||
| 942 | _2local | ||
| 942 | _cVE | ||
| 999 |
_c172074 _d172074 |
||